| 000 | 01004nam a2200241 a 4500 | ||
|---|---|---|---|
| 001 | 59864 | ||
| 003 | BD-RjUL | ||
| 005 | 20211209080757.0 | ||
| 008 | 161227s1986 bg ||||| |||| 00| 0 ben d | ||
| 020 | _c: Tk. 12.00 | ||
| 035 | _a(BD-RjUL) 59988 | ||
| 040 |
_aBD-RjUL _bben _cBD-RjUL |
||
| 041 | _aben | ||
| 082 |
_223 _a330.973 _bMAA 1986 |
||
| 100 | 1 |
_aম্যাকক্যান, রবার্ট _9170331 |
|
| 245 | 1 | 0 |
_aআমেরিকার অর্থনীতি / _cরবার্ট ম্যাকক্যান ; অনুবাদক, মমতাজ উদ্দিন আহমেদ |
| 260 |
_aঢাকা : _bআহমদ পাবলিশিং হাউস, _c১৯৮৬ |
||
| 300 |
_a[৭], ১৬৬ পৃ. ; _c১৯ সেমি. |
||
| 650 |
_aঅর্থনীতি _zআমেরিকা _9173198 |
||
| 650 |
_aEconomics _zAmerica _9178119 |
||
| 700 |
_aআহমেদ, মমতাজ উদ্দিন, অনুবাদক _9178120 |
||
| 942 |
_2ddc _cBK |
||
| 999 |
_c59864 _d59864 |
||